Statistiques concernant Paroles - suicide social - Orelsan - Part 2

Cliquez ici pour prendre le quiz!

Statistiques générales

  • Ce quiz a été pris 113 fois
    (110 depuis la dernière actualisation)
  • Le résultat moyen est 406 sur 471

Statistiques - réponses

Réponse% Correct
à
100%
de
99%
le
99%
se
98%
les
97%
me
97%
pas
97%
adieu
95%
dans
95%
la
95%
ce
94%
ils
94%
je
94%
mon
94%
qui
94%
ta
94%
un
94%
ces
93%
des
93%
en
93%
leur
93%
ma
93%
que
93%
faire
92%
par
92%
pour
92%
tu
92%
au
91%
petit
91%
tous
91%
ça
90%
c'est
90%
combat
90%
et
90%
même
90%
pouce
90%
savent
90%
son
90%
sur
90%
t'en
90%
bien
88%
doigt
88%
donne
88%
font
88%
France
88%
mes
88%
plus
88%
qu'elle
88%
quelle
88%
seuls
88%
t'es
88%
tout
88%
types
88%
une
88%
bientôt
87%
croire
87%
enfer
87%
faudra
87%
fils
87%
hétéro
87%
l'Eden
87%
leurs
87%
lèveraient
87%
prouver
87%
qu'être
87%
quoi
87%
vie
87%
votre
87%
ceux
86%
chariots
86%
danser
86%
fierté
86%
homophobe
86%
l'ancienne
86%
suces
86%
vive
86%
Ange-Gardien
85%
change
85%
comment
85%
élever
85%
Joséphine
85%
mieux
85%
profs
85%
propre
85%
raté
85%
tas
85%
t'as
85%
cogner
84%
comptes
84%
hais
84%
homme
84%
mais
84%
ne
84%
quand
84%
rien
84%
s'étonne
84%
temps
84%
branche
83%
dépressifs
83%
du
83%
peut
83%
qu'on
83%
religieux
83%
sexualité
83%
voudraient
83%
déchets
81%
d'exister
81%
dire
81%
j'ai
81%
main
81%
81%
qu'ils
81%
sectes
81%
aux
80%
bonne
80%
cherchent
80%
entre
80%
flics
80%
française
80%
gens
80%
jeux
80%
journalistes
80%
lui
80%
mangent
80%
ménagère
80%
merde
80%
monde
80%
pétés
80%
petite
80%
peu
80%
pires
80%
possèdent
80%
quelques
80%
raison
80%
répliques
80%
slogans
80%
travers
80%
veulent
80%
vivent
80%
administrations
79%
CGT
79%
chômage
79%
dehors
79%
dents
79%
donnent
79%
écran
79%
est
79%
l'arc-en-ciel
79%
mettent
79%
moindre
79%
phrase
79%
pigeons
79%
pouvoir
79%
près
79%
règles
79%
sales
79%
secousse
79%
susceptibles
79%
technique
79%
tellement
79%
tirages
79%
appartient
78%
bourges
78%
chez
78%
devant
78%
écrire
78%
enculer
78%
féminité
78%
fonction
78%
fort
78%
ici
78%
images
78%
jeunes
78%
mère
78%
moins
78%
passent
78%
prête
78%
saletés
78%
tant
78%
vendraient
78%
venir
78%
abrégé
77%
baltringues
77%
changera
77%
chercher
77%
comprends
77%
consomme
77%
d'ouvrir
77%
écouler
77%
envie
77%
eux
77%
exprès
77%
fête
77%
gober
77%
heures
77%
jamais
77%
lesbiennes
77%
logiciel
77%
manif
77%
naïveté
77%
personne
77%
poivrots
77%
préfèrent
77%
QI
77%
qu'en
77%
question
77%
solutions
77%
supportent
77%
village
77%
avant
76%
banquiers
76%
bisounours
76%
celui
76%
chanteurs
76%
chier
76%
condamnera
76%
écouter
76%
fait
76%
incapables
76%
jette
76%
l'inaction
76%
malsains
76%
morale
76%
n'importe
76%
pose
76%
refoulées
76%
rentrent
76%
rois
76%
transforment
76%
vomir
76%
avec
74%
bâtiments
74%
essaie
74%
moyens
74%
nation
74%
petits
74%
prêcher
74%
véreux
74%
bonnes
73%
complètement
73%
défaite
73%
incompétent
73%
m'imposer
73%
parler
73%
perdre
73%
politiques
73%
serait
73%
système
73%
fasse
72%
grévistes
72%
moutons
72%
paroles
72%
tort
72%
contents
71%
d'écrire
71%
libertins
71%
mongoles
71%
SM
71%
trachée
71%
conscience
70%
construire
70%
fouettent
70%
hippies
70%
pathétiques
70%
surexcitées
70%
visage
70%
clochards
69%
dictateurs
69%
survêt
69%
démagogues
67%
engagés
67%
pleins
67%
sans
67%
banalités
66%
papiers
65%
pseudo-artistes
65%
associations
58%
bien-pensantes
58%
mêh
57%

Distribution des résultats

Percentile par nombre de réponses

% des personnes avec chaque résultat

Votre développement - résultats

Vous n’avez pas pris ce quiz depuis la dernière actualisation